000 00681nam a2200241 i 4500
001 C2-0338784
003 PPAK
005 20180728141038.0
008 161120s2016 ii a|||| ||||| | tam d
020 _a9789385814389
040 _aPPAK
_beng
_cPPAK
_erda
082 0 4 _a894.8113
_223
090 0 0 _a894.8113
_bSAM
_dK
100 1 _aSampath, R.C.,
_eauthor
245 1 0 _aImperium kaappiyak kathaigal
264 1 _aChennai, India :
_bAruna Publications ,
_c2016
300 _a136 pages :
_billustrations ;
_c18 cm
336 _2rdacontent
_atext
337 _2rdamedia
_aunmediated
338 _2rdacarrier
_avolume
650 1 0 _aChildren's stories, Tamil.
942 _ddc
_cB
999 _c136077
_d136077